The professions in the construction industries: a review of their role in determining the industries` performance and a prospectus for further work, prepared by the EDC`s for Building and Civil Engineering (Record no. 95534)

MARC details
000 -LEADER
fixed length control field 00615cam a2200181 4500
001 - CONTROL NUMBER
control field D3334
008 - FIXED-LENGTH DATA ELEMENTS--GENERAL INFORMATION
fixed length control field 090401t1976 xxu||||| |||| 00| 0 eng d
035 ## - SYSTEM CONTROL NUMBER
System control number (Sirsi) u72828
041 ## - LANGUAGE CODE
Language code of text/sound track or separate title eng
050 ## - LIBRARY OF CONGRESS CALL NUMBER
Classification number 690.023
110 ## - MAIN ENTRY--CORPORATE NAME
Corporate name or jurisdiction name as entry element Economic Development Committee for Building
9 (RLIN) 50
245 #4 - TITLE STATEMENT
Title The professions in the construction industries: a review of their role in determining the industries` performance and a prospectus for further work, prepared by the EDC`s for Building and Civil Engineering
260 ## - PUBLICATION, DISTRIBUTION, ETC.
Place of publication, distribution, etc. London
Name of publisher, distributor, etc. HMSO
Date of publication, distribution, etc. 1976
300 ## - PHYSICAL DESCRIPTION
Extent vi. 42p. 30cm
350 ## - PRICE (NR) (BK AM CF MU VM SE) [OBSOLETE]
Price 0
942 ## - ADDED ENTRY ELEMENTS (KOHA)
Suppress in OPAC 0
948 ## - LOCAL PROCESSING INFORMATION (OCLC); SERIES PART DESIGNATOR (RLIN)
c (OCLC) 04/03/1997
Holdings
Withdrawn status Lost status Source of classification or shelving scheme Damaged status Not for loan Home library Current library Shelving location Date acquired Total Checkouts Full call number Barcode Date last seen Date last checked out Copy number Price effective from Koha item type
    Dewey Decimal Classification     London London Basement 14/09/1999 3 BASEMENT 30017930 06/08/2019 11/04/2005 1 06/08/2019 Book